000 00974nam a2200193Ii 4500
003 JO-AjNU
008 230605s9999||||xx |||||||||||||| ||und||
040 _aJO-AjNU
_bara
_erda
_cJO-AjNU
041 _aara
050 1 4 _aKMM182.9.2010
100 3 _aإعداد سلطان محمد سليمان الزعبي ؛ إشراف طلال العيسى,
_eauthor
_945937
245 0 0 _aتنفيذ أحكام المحكمين في القانون الأردني والاتفاقيات الدولية " دراسة مقارنة"
264 3 1 _aالأردن: جامعة جدارا ، 2010
300 _a199ص
_bرسالة جامعية (ماجستير في القانون الخاص )--جامعة جدارا، كلية الدراسات القانونية ، 2010
336 _atext
_btxt
_2rdacontent
337 _aunmediated
_bn
_2rdamedia
338 _avolume
_bnc
_2rdacarrier
650 4 _aتنفيذ الاحكام -- القانون الاردني -- اتفاقيات دولية
_945938
999 _aA19948
_c23516
_d23516